MARC

LEADER 00000nas a2200000 a 4500
001 ssj0022593
003 WaSeSS
005 20200512172242.0
006 m d
007 cr n
008 010110c20019999nyubr p s 0 a0eng c
010 |a  2001233839 
016 |a (AMICUS)000022841534 
016 7 |a 014701302  |2 Uk 
022 |l 1537-5838  |y 1537-5838 
032 |a 504850  |b USPS 
035 |a (WaSeSS)ssj0022593 
037 |b AVTech Media Americas Inc., 1212 Avenue of the Ameicas, 8th Floor, New York, NY 10036 
040 |a WIM  |b eng  |c WIM  |d GUA  |d VA@  |d DLC  |d NSD  |d DLC  |d GUA  |d CRU  |d UMC  |d OCLCQ  |d UKMGB  |d TXBXL  |d DLC  |d IUL  |d UPM  |d CLU  |d UPM  |d CGU  |d LRU  |d OCLCF  |d OCLCO  |d ENG  |d XFH  |d OCLCQ  |d NLC  |d IOG  |d GILDS  |d OCLCQ  |d OCLCO  |d OCLCQ  |d CNO  |d X#4  |d OCLCQ  |d HTM  |d OCLCQ  |d DLC  |d OCLCO  |d ZQP  |d OCLCO  |d IUL  |d OCLCQ  |d OCLCO  |d WaSeSS 
042 |a pcc  |a nsdp 
050 0 0 |a TK7881.3  |b .S74 
050 1 4 |a ML1  |b .S723 
082 1 4 |a 780  |2 13 
130 0 |a Sound & vision (New York, N.Y.) 
210 0 |a Sound vision  |b (N.Y.N.Y.) 
222 0 |a Sound & vision  |b (New York, N.Y.) 
245 1 0 |a Sound & vision  |h [electronic resource]. 
246 1 |i Issues for <Feb./Mar. 2010-Feb./Mar. 2013> have title:  |a Sound + vision 
246 1 |a Soundandvision.com  |f <Oct. 2013-> 
246 3 |a Sound and vision 
246 3 |a Sound plus vision 
260 |3 2001- :  |a New York, NY :  |b Hachette Filipacchi Magazines,  |c ©2001- 
260 2 |3 <Oct. 2013-> :  |a El Secundo, CA :  |b Source Interlink Media, LLC 
260 2 |3 <Sept./Oct. 2009-> :  |a Winter Park, FL :  |b Bonnier Corporation 
260 3 |3 <June 2018-> :  |a New York, NY :  |b AVTech Media Americas Inc. 
310 |a Bimonthly,  |b June 2018- 
321 |a Monthly (except bimonthly in Feb./Mar. and July/Aug.),  |b 2001-2008 
321 |a Eight issues per year,  |b 2009-Sept. 2013 
321 |a Monthly (except Feb./Mar., and July/Aug.),  |b Oct. 2013-<2018> 
362 0 |a Vol. 66, no. 2 (Feb./Mar. 2001)- 
500 |a Title from cover. 
506 |a License restrictions may limit access. 
515 |a Issues for Oct. 2013-Nov. 2013 called vol. 20, no. 8-v. 20 no. 9, continuing the numbering of absorbed title, Home theater but constitute v.78, no. 6-7, when numbering reverts to vol. 78, no. 8 with the Dec. 2013 issue. 
580 |a Absorbed: Home theater, Oct. 2013. 
588 |a Latest issue consulted: Volume 84, number 2 (JFebruary/March 2019). 
650 0 |a Home entertainment systems  |v Periodicals. 
650 0 |a Sound recordings  |v Reviews  |v Periodicals. 
650 0 |a Video recordings  |v Reviews  |v Periodicals. 
650 6 |a Chaînes audiovisuelles  |v Périodiques. 
650 6 |a Enregistrements sonores  |v Comptes rendus  |v Périodiques. 
650 6 |a Vidéos  |v Comptes rendus  |v Périodiques. 
650 7 |a Home entertainment systems.  |2 fast  |0 (OCoLC)fst00959277 
650 7 |a Sound recordings.  |2 fast  |0 (OCoLC)fst01127034 
650 7 |a Video recordings.  |2 fast  |0 (OCoLC)fst01166472 
655 0 |a Electronic journals. 
780 0 0 |t Stereo review's sound & vision  |x 1522-810X  |w (DLC) 99101525  |w (OCoLC)40442263 
780 0 5 |t Home theater  |g Oct. 2013  |x 1096-3065  |w (DLC)sn 97002022  |w (OCoLC)37684897 
850 |a DLC 
853 2 0 |8 1  |a v.  |b no.  |u 10  |v r  |i (year)  |j (month)  |w m  |x 01  |y pm01,02/03,04,05,06,07/08,09,10,11,12 
856 4 0 |z Full text available from Research Library: 01/01/2012 to 06/30/2014  |u https://search.proquest.com/publication/9338 
863 4 0 |8 1.1  |a 66  |b 2  |i 2001-2013  |j 02/03-<06>